Quiz de bandeiras - Extremo Difícil - Statistics

Estatísticas Gerais
  • Esse quiz foi jogado 60 vezes
  • A pontuação média é 6 de 16
Estatísticas das Respostas
Imagem Resposta % Correto
Ilhas Cook
84%
Bermudas
73%
Ilhas Virgens Britânicas
65%
Bonaire
62%
Ilhas Malvinas
57%
Santa Helena
38%
Ilhas Pitcairn
32%
Ilha Turcas e Caicos
27%
Território Britânico do Oceano Índico
27%
Martinica
22%
Terras Austrais e Antárticas Francesas
19%
Tristão da cunha
19%
Antilhas Neerlandesas
16%
Ilhas Caimão
14%
Ilhas Geórgia do sul e Sandwich do Sul
14%
Tasmânia
14%
Nenhum quiz correspondente encontrado
Distribuição das Pontuações
Porcentagem de Pessoas com Cada Pontuação
Percentil de Números Respondidos
Sua Pontuação Histórica
Você não jogou esse quiz